000 01456nam a2200301 i 4500
001 132943
003 ES-MaACL
005 20260119105342.0
007 t|
008 070214s1902 sp r ||||1| spa d
080 _a159.954.2
100 1 _aRoso de Luna, Mario,
_d1872-1931
_eaut
_999794
245 1 0 _aPreparación al estudio de la fantasía humana :
_bbajo el doble aspecto de la realidad y del ensueño /
_cpor M. Roso de Luna.
260 _aMahón :
_b[s.n.],
_c1902
_f(Est. tip. de B. Fábregues)
300 _a2 volúmenes (124 ; 136 páginas) ;
_c22 cm.
504 _aBibliografía: páginas [131]-136
505 0 _aLibro I - Libro II
530 _aLibro II disponible en formato digital.
650 4 _aFantasía.
_9148026
852 _aES-MaACL
_cDEPOF
_jT-1016-F-8-9
852 _aES-MaACL
_cDEPO2
_hDonativo Roda
_jL-4907(14-4)
856 4 _uhttps://bdh-rd.bne.es/viewer.vm?id=0000247118&page=1
_yVersión en línea: Libro II
_z(Biblioteca Digital Hispánica)
856 4 _uhttp://ciconia.gobex.es/biblioteca/es/consulta/registro.cmd?id=6779
_yVersión en línea: Libro I
_z(Ciconia. Biblioteca Digital del Patrimonio Cultural de Extremadura)
856 4 _uhttp://ciconia.gobex.es/biblioteca/es/consulta/registro.cmd?id=6780
_yVersión en línea: Libro II
_z(Ciconia. Biblioteca Digital del Patrimonio Cultural de Extremadura)
942 _2udc
_cMONOGRAFIA
_n0
999 _c132943
_d132943